000 00783nas a2200265 4500
001 BR2011000145
003 BR-BrBNA
005 20231205114353.0
007 ta
008 230509b bl.|||p| |||| 00| 00por d
040 _aBR-BrBNA
_bpor
_cBiblioteca Nacional de Agricultura
041 _a(Pt)
072 _aH20
100 1 _aPoletto, I.
100 1 _aMuniz, M.F.B.
100 1 _aBlume, E.
100 1 _aCeconi, D.E.
245 1 _aEfeito da aplicação de NPK e calcário sobre a podridão-de-raizes em mudas de erva-mate
650 _aMATE
650 _aPODRIDÃO DA RAIZ
773 0 _tFloresta (Brazil)
_xISSN 0015-3826
_g(Jul-Sep 2010), v. 40(3) p. 559-572
_wBR2011000145
856 4 0 _uADUBAÇÃO
909 _a202311
_bLúcia
_c55
_dLúcia Elande
942 _2AGRIS
_n0
_cANA
999 _c208464
_d208464